| 000 | 00774nam a2200241 a 4500 | ||
|---|---|---|---|
| 008 | |||
| 020 | _a0521447763 (pbk.) | ||
| 049 | _aMAIN | ||
| 090 |
_aQH75 _bMAN |
||
| 245 | 0 | 0 |
_aManaging habitats for conservation / _cedited by William J. Sutherland and David A. Hill. |
| 260 |
_aCambridge : _bCambridge University Press, _c1995. |
||
| 300 |
_ax, 399 p., [8] p. of plates : _bill. (some col.) ; _c26 cm. |
||
| 504 | _aIncludes bibliographical references. | ||
| 500 | _aIncludes index. | ||
| 650 | 0 | _aHabitat conservation. | |
| 700 | 1 | _aSutherland, William J. | |
| 700 | 1 | _aHill, David A. | |
| 907 |
_a.b10057547 _b28-08-12 _c17-04-03 |
||
| 003 | |||
| 005 | 20230123133233.0 | ||
| 040 | _cNUST | ||
| 942 |
_cBOOKS _kQH75 _mMAN |
||
| 999 |
_c145120 _d145120 |
||